Modelo Social de Práctica y Motivación hacia la Práctica de Actividad Físico Deportiva del Alumno del Nivel Secundario de la República Dominicana / (Record no. 13398)

MARC details
000 -CABECERA
campo de control de longitud fija 01706nmm a2200313 i 4500
003 - IDENTIFICADOR DEL NÚMERO DE CONTROL
campo de control DO-SdISF
005 - FECHA Y HORA DE LA ÚLTIMA TRANSACCIÓN
campo de control 20250402153957.0
007 - CAMPO FIJO DE DESCRIPCIÓN FÍSICA--INFORMACIÓN GENERAL
campo de control de longitud fija ta
008 - DATOS DE LONGITUD FIJA--INFORMACIÓN GENERAL
campo de control de longitud fija 240130s2020 dr ||||fo||d| 00| 0 spa d
040 ## - FUENTE DE LA CATALOGACIÓN
Centro catalogador/agencia de origen DO-SdISF
Lengua de catalogación spa
Normas de descripción rda
Centro/agencia transcriptor DO-SdISF
041 ## - CÓDIGO DE LENGUA
Código de lengua del texto/banda sonora o título independiente spa
100 ## - ENTRADA PRINCIPAL--NOMBRE DE PERSONA
Nombre de persona Zamora Mota, Henyer Ramón
Término indicativo de función/relación Autor
9 (RLIN) 21367
245 10 - MENCIÓN DE TÍTULO
Título Modelo Social de Práctica y Motivación hacia la Práctica de Actividad Físico Deportiva del Alumno del Nivel Secundario de la República Dominicana /
Mención de responsabilidad, etc. Autor: Henyer Ramón Zamora Mota ; Asesor: María de los Ángeles Fernández Villarino
264 #1 - PRODUCCIÓN, PUBLICACIÓN, DISTRIBUCIÓN, FABRICACIÓN Y COPYRIGHT
Producción, publicación, distribución, fabricación y copyright Santo Domingo :
Nombre del de productor, editor, distribuidor, fabricante ISFODOSU,
Fecha de producción, publicación, distribución, fabricación o copyright 2020
300 ## - DESCRIPCIÓN FÍSICA
Extensión 1 recurso en línea (69 páginas) :
Otras características físicas Ilustraciones
336 ## - TIPO DE CONTENIDO
Fuente rdacontent
Término de tipo de contenido texto
Código de tipo de contenido txt
337 ## - TIPO DE MEDIO
Fuente rdamedia
Nombre/término del tipo de medio computadora
Código del tipo de medio c
338 ## - TIPO DE SOPORTE
Fuente rdacarrier
Nombre/término del tipo de soporte recurso en línea
Código del tipo de soporte cr
347 ## - CARACTERÍSTICAS DEL ARCHIVO DIGITAL
Fuente rda
Tipo de archivo archivo de texto
Formato de codificación PDF
502 ## - NOTA DE TESIS
Nota de tesis Tesis para optar por el título de Maestría en Educación Física Integral - Instituto Superior de Formación Docente Salomé Ureña - ISFODOSU, Recinto Eugenio María de Hostos, 2020
504 ## - NOTA DE BIBLIOGRAFÍA, ETC.
Nota de bibliografía, etc. Bibliografía en página 42
505 ## - NOTA DE CONTENIDO CON FORMATO
Nota de contenido con formato Introducción al problema de investigación 2 – Revisión de la Literatura 9 – Metodología 19 – presentación de los resultados 25 – referencias bibliográficas 42 – anexos 57
650 17 - PUNTO DE ACCESO ADICIONAL DE MATERIA--TÉRMINO DE MATERIA
Término de materia o nombre geográfico como elemento de entrada Educación secundaria
Subdivisión geográfica República Dominicana
Fuente del encabezamiento o término armarc
9 (RLIN) 24501
650 14 - PUNTO DE ACCESO ADICIONAL DE MATERIA--TÉRMINO DE MATERIA
Término de materia o nombre geográfico como elemento de entrada Motivación en educación
9 (RLIN) 7129
650 14 - PUNTO DE ACCESO ADICIONAL DE MATERIA--TÉRMINO DE MATERIA
Término de materia o nombre geográfico como elemento de entrada Educación física
9 (RLIN) 3852
700 1# - PUNTO DE ACCESO ADICIONAL--NOMBRE DE PERSONA
Nombre de persona Fernández Villarino, María Ángeles
Término indicativo de función/relación Asesor
9 (RLIN) 21369
856 ## - LOCALIZACIÓN Y ACCESO ELECTRÓNICOS
Texto de enlace Clic para ver Texto Completo
Identificador Uniforme del Recurso https://biblioteca.isfodosu.edu.do/cgi-bin/koha/opac-retrieve-file.pl?id=fe2159323b7b4a573fc4c105cd2ca8cf
942 ## - ELEMENTOS DE PUNTO DE ACCESO ADICIONAL (KOHA)
Fuente del sistema de clasificación o colocación
Tipo de ítem Koha
Holdings
Estado de retiro Estado de pérdida Fuente del sistema de clasificación o colocación Estado dañado No para préstamo Localización permanente Ubicación/localización actual Fecha de adquisición Total de préstamos Fecha visto por última vez Precio válido a partir de Tipo de ítem Koha
    Clasificación Decimal Dewey     Repositorio INERED Repositorio INERED 02/04/2025   02/04/2025 02/04/2025 Tesis digital

© 2024. Todos los Derechos Reservados. Desarrollado por IDEICE